Sleep Token Songs by Length - Statistics

General Stats
  • This quiz has been taken 44 times
  • The average score is 10 of 54
Answer Stats
Hint Answer % Correct
8:20 Take Me Back To Eden
89%
8:23 Infinite Baths
84%
7:46 Look To Windward
59%
6:36 The Summoning
35%
7:09 Ascensionism
30%
6:23 Gethsemane
30%
2:26 Fall For Me
24%
6:26 Emergence
22%
6:06 Provider
22%
7:35 When The Bough Breaks
22%
5:13 Euclid
19%
4:28 Even In Arcadia
16%
5:36 Hypnosis
16%
4:12 Rain
16%
5:50 The Offering
16%
5:40 Vore
16%
3:34 Alkaline
14%
4:50 Caramel
14%
5:04 Chokehold
14%
4:38 Descending
14%
3:56 Give
14%
3:25 Gods
14%
3:45 Granite
14%
5:22 Higher
14%
5:13 High Water
14%
5:55 Jaws
14%
3:21 Missing Limbs
14%
5:37 Nazareth
14%
3:35 Past Self
14%
5:04 The Night Does Not Belong To God
14%
3:04 The Way That You Were
14%
6:36 Thread The Needle
14%
3:56 Aqua Regia
11%
5:07 Are You Really Okay?
11%
4:53 Atlantic
11%
6:54 Calcutta
11%
4:25 Damocles
11%
4:11 Dangerous
11%
4:28 Dark Signs
11%
4:22 Distraction
11%
3:57 Drag Me Under
11%
4:31 Fields Of Elation
11%
5:17 Jericho
11%
4:58 Levitate
11%
3:35 Like That
11%
4:57 Mine
11%
4:52 Sugar
11%
5:07 Telomeres
11%
4:28 The Apparition
11%
4:23 The Love You Want
11%
5:03 Say That You WIll
8%
3:39 Take Aim
8%
4:07 Blood Sport
5%
4:01 DYWTLYM
3%
No matching quizzes found
Score Distribution
Percent of People with Each Score
Percentile by Number Answered
Your Score History
You have not taken this quiz